|
|
|
|
| LEADER |
01423nam a2200349 a 4500 |
| 001 |
36215 |
| 003 |
BD-DhAAL |
| 005 |
20211130114042.0 |
| 008 |
190924t1992 maua b 001 0 eng |
| 999 |
|
|
|c 41406
|d 41406
|
| 010 |
|
|
|a 91022985
|
| 020 |
|
|
|a 0205134106
|
| 040 |
|
|
|a DLC
|c DLC
|d DLC
|d BD-DhAAL
|
| 043 |
|
|
|a n-us---
|
| 050 |
0 |
0 |
|a LC1099.3
|b .B37 1992
|
| 082 |
0 |
0 |
|a 370.19341
|2 20
|
| 100 |
1 |
|
|a Baruth, Leroy G.
|9 35243
|
| 245 |
1 |
0 |
|a Multicultural education of children and adolescents /
|c by Leroy G. Baruth and M. Lee Manning.
|
| 260 |
|
|
|a Boston :
|b Allyn and Bacon,
|c c1992.
|
| 300 |
|
|
|a xv, 367 pages :
|b illustrations ;
|c 24 cm.
|
| 504 |
|
|
|a Includes bibliographical references (pages 349-361) and index.
|
| 526 |
|
|
|a BIED
|
| 541 |
|
|
|a Complimentary copy from BIED
|e 36215
|
| 650 |
|
0 |
|a Multicultural education
|z United States.
|9 35244
|
| 650 |
|
0 |
|a Indians of North America
|x Education.
|9 35245
|
| 650 |
|
0 |
|a African American children
|x Education.
|9 35246
|
| 650 |
|
0 |
|a Asian American children
|x Education.
|9 35247
|
| 650 |
|
0 |
|a Hispanic American children
|x Education.
|9 35248
|
| 700 |
1 |
|
|a Manning, M. Lee.
|9 35249
|
| 852 |
|
|
|a Ayesha Abed Library
|c BIED Collection
|
| 942 |
|
|
|2 ddc
|c BK
|
| 952 |
|
|
|0 0
|1 0
|2 ddc
|4 0
|6 370_193410000000000_BAR
|7 0
|9 66505
|a BRACUL
|b BRACUL
|c GEN
|d 2019-09-24
|e Complimentary copy from BIED
|l 0
|o 370.19341 BAR
|p 3010036215
|r 2019-09-24
|t 1
|w 2019-09-24
|y BK
|x Transferred from BIED to General Stacks
|